MDQL
is popping MORE tags! Check the
thread
!
Quizzes
Events
Quiz Creation
Community
Videos
Private Events
Remove Ads
Sign In
Join for FREE
Feedback
Dark Mode
Quiz Categories
Sports
Geography
Music
Movies
Television
Just For Fun
Miscellaneous
History
Literature
Language
Science
Gaming
Entertainment
Religion
Holiday
For Kids
Quiz Lab
Recent
Popular Today
Quiz Kudos Today
Editor Picks
Curator Picks
Quizzes by...
Day
Popularity
Type
Ratings
Length
Year
Community
Subscriptions
Recent Discussions
Orange Saloon
Badges
Playlists
Quests
Create
Leaderboards
Showdown
Live 5
Trivia Bingo
Activity
Puzzle Library
Sporcle Events
Private Events
Virtual Trivia
Globe League
Become a Host
Pub Owners
SporcleCon
Opinionation
Our Games
Videos
Blog
Mobile Apps
Partnerships
Remove Ads and Go Orange
Feedback
Literature
Harry Potter
A Song of Ice and Fire
The Hunger Games
Literary Character
Shakespeare
Book
Author
Novel
Poem
Young Adult
Children's Books
Play
Lord of the Rings
Literature
Harry Potter
A Song of Ice and Fire
The Hunger Games
Literary Character
Shakespeare
Book
Author
Novel
Poem
Young Adult
Children's Books
Play
Lord of the Rings
Random Quiz
Search Sporcle
×
Quiz Lab
Quiz Lab
Literature
Harry Potter
Type in answers that appear in a list
Type in answers that appear in a list
Classic
Best Score? Go Orange.
'A' Harry Potter Vocab Quiz Stats
Can you name the Harry Potter words and names?
By
wildecat
10m
28 Questions
147 Plays
147 Plays
147 Plays
Comments
Comments
Give Quiz Kudos
Give Quiz Kudos
-
- Ratings
hide this ad
Random Order
Randomize order of answers
Randomize order of answers
Replay
Link that replays current quiz
Next Quiz
Link to next quiz in quiz playlist
You Got
0%
They Got
Avg Score
79%
Avg Friend Score
Upgrade to see
Score Distribution
Jump to the score distribution portion of the page
Score
0/28
Timer
10:00
0
Plays Today
Clue
Answer
% Correct
'The only one he ever feared' (first name)
Albus Dumbldore
95.2%
Witch or Wizard With the Ability to Transform Into an Animal At Will
Animagus
94.5%
Ron's Dad (first name)
Arthur Weasley
94.5%
Hagrid Pet Arachnid
Aragog
93.2%
Prison Guarded by Dementors
Azkaban
93.2%
Killing Curse
Avada Kedavra
93.2%
Summoning Charm
Accio
92.5%
Hogwarts Caretaker (first name)
Argus Filch
91.8%
Auror Kept in a Trunk for Nine Months (first name)
Alastor Moody
89.7%
Gryffindor Chaser (first name)
Angelina Johnson
87%
Charm For Unlocking Doors
Alohomora
87%
Owner of the Hog's Head (first name)
Aberforth Dumbledore
86.3%
Squib Residing in Little Winging (first name)
Arabella Figg
82.9%
Professor Dumbledore's Late Sister (first name)
Ariana Dumbledore
81.5%
Clue
Answer
% Correct
Class Taught by Professor Vector
Arithmancy
81.5%
Death Eater/
Muggle Studies Professor (first name)
Alecto Carrow
80.8%
Death Eater/
Dark Arts Professor (first name)
Amycus Carrow
80.1%
Hufflepuff Student Who Married Neville (last name)
Hannah Abbott
80.1%
Dark Wizard Catcher
Auror
79.5%
Gryffindor Chaser (first name)
Alicia Spinnet
78.1%
Class Taught by Professor Sinistra
Astronomy
78.1%
Giant Spiders Living in the Forbidden Forest
Acromantula
72.6%
After all this time?
Always
72.3%
Preceded Dumbledore as Headmaster (First Name)
Armando Dippet
71.9%
Draco's Wife (first name)
Astoria Greengrass
65.8%
Death Eater Who Killed Remus Lupin (first name)
Antonin Dolohov
61%
Ravenclaw Prefect (first name)
Anthony Goldstein
47.9%
Head of the Department of Magical Law Enforcement (first name)
Amelia Bones
40.4%
Quiz Playlist
Details
Report
Send in Message
Add To Playlist
Classic:
Type in answers that appear in a list
Random Order:
Randomize order of answers
Last Updated: Feb 16, 2017
Quiz Scoreboard
CHALLENGE
Sign Up to Join the Scoreboard
Show All
Scores
Hide
Comments
May contain spoilers
Recently Published
Street Fighter Characters
by Artimus82
Gaming
60s
9x9 Crossword: Cartoon Network
by jackfrog10
Miscellaneous
3m
College Basketball Coaching Resumes
by pancakes188
Sports
9m
More to Explore
Quiz From the Vault
Featured Blog Post
Where Did the Easter Bunny Come From?
hide this ad
You Might Also Like...
Tags
Harry Potter Quiz
Extra
Today's Top Quizzes in Literature
Browse Literature
hide this ad
Today's Top Quizzes in Harry Potter
Browse Harry Potter
Top Contributed Quizzes in Literature
1
Sneaky Slytherin Logic Puzzle
2
Get The Picture: Black or White Literature
3
5-to-1: Plays
4
A Court of Thorns and Roses (ACoTaR) Logic Puzzle
5
One Thing in Common: Literature
6
One Thing in Common: Literature II
7
One Thing in Common: Books
8
One Thing in Common: Literature 3
9
One Thing in Common: Books II
10
Literary Siblings Odd One Out III
Explore More
Trending Topics
NBA
Kpop
Harry Potter
Crossword
Marvel
Disney
Anime
The Office
NFL
WWE
Soccer
Country
Puzzle
Pokémon
Song
hide this ad
More By:
wildecat
Quiz
Plays
Rating
Category
Featured
Created
'Twisted' Lyrics #3
814
5.00
Entertainment
Mar 1, 2014
'Twisted' Lyrics #1
733
4.50
Entertainment
Dec 3, 2013
'Twisted' Lyrics #4
625
5.00
Entertainment
Mar 1, 2014
Mal's Firefly Opening Monolgue
566
5.00
Television
Apr 26, 2013
'Twisted' Lyrics #5
386
5.00
Entertainment
Mar 1, 2014
Go to Creator's Profile
Score Distribution
Quiz Creator Spotlight
wildecat
Follow
Send a Message
Quizzes Created
-
Created Quiz Play Count
-
More By This Creator
Popular Quizzes Today
1
Find the US States - No Outlines Minefield
2
Find the Countries of Europe - No Outlines Minefield
3
The Countries of the World
4
Find the US States
5
Risky Map Clicking: Biggest States A-Z
6
US States
7
Popular People in 1961
8
Movies - When Are They Set?
More Literature Quizzes
5 Blitz: Harry Potter
Curator's Pick
Trending Quizzes
Risky Map Clicking: Least Populous States A-Z
Countries of the World: 200 Million BC
1-10 Letter G Words
Risky Map Clicking: Next State Alphabetically
Adjectives in 80s TV Shows
Recently Updated
Leaping Animals
pecheneg
Reality TV Shows (A-Z)
bhenderson79
Rickey Henderson's Hall of Fame Teammates
pecheneg
Champions League XIs: Arsenal
pecheneg
Quick Pick: Celebrities in WWE's Hall of Fame
aduchscher
A-Z Keypad Blitz II
pecheneg
Multiple Oscar Actors
pecheneg
Mystery Phrase Blitz: Oscar 'Best Actors'
pecheneg
F. Scott Fitzgerald Novels
LTH
Pick 3 Villains
ddd62291
Trending Topics
NBA
Anime
Marvel
Crossword
Disney
Harry Potter
Kpop
Puzzle
Song
NFL
Country
WWE
Pokémon
Soccer
The Office
Your Account Isn't Verified!
In order to create a playlist on Sporcle, you need to verify the email address you used during registration. Go to your
Sporcle Settings
to finish the process.
Report this User
Report this user for behavior that violates our
Community Guidelines
.
Details:
Send Report
Go to the Sporcle.com Mobile Site →
Comments